Application of different compost tea rates on growth and yield of radish ការប្រើប្រាស់កប៉ុស្ដិ៍តែទៅលើការលូតលាស់និងទិន្នផលដំណាំឆៃថាវ (Record no. 17967)

000 -LEADER
fixed length control field 00635nam a22001337a 4500
040 ## - CATALOGING SOURCE
Transcribing agency RUA
082 ## - DEWEY DECIMAL CLASSIFICATION NUMBER
Classification number AGR YEN 2017 B633 Or.1
100 ## - MAIN ENTRY--AUTHOR NAME
Personal name YEN SOLEDA យិន​​​ សូលីដា
245 ## - TITLE STATEMENT
Title Application of different compost tea rates on growth and yield of radish ការប្រើប្រាស់កប៉ុស្ដិ៍តែទៅលើការលូតលាស់និងទិន្នផលដំណាំឆៃថាវ
260 ## - PUBLICATION, DISTRIBUTION, ETC. (IMPRINT)
Place of publication RUA
Name of publisher phnom penh
Year of publication 2017
300 ## - PHYSICAL DESCRIPTION
Number of Pages x;42p
Other physical details ill;
Dimensions 29cm
856 ## - ELECTRONIC LOCATION AND ACCESS
Uniform Resource Identifier https://drive.google.com/file/d/1zvYJwlvhM4N1IQWO4ixr27zwNfY02vuH/view?usp=sharing
942 ## - ADDED ENTRY ELEMENTS (KOHA)
Koha item type AGR
952 ## - LOCATION AND ITEM INFORMATION (KOHA)
Withdrawn status [LOCAL, KOHA] 0
952 ## - LOCATION AND ITEM INFORMATION (KOHA)
Withdrawn status [LOCAL, KOHA] 0
952 ## - LOCATION AND ITEM INFORMATION (KOHA)
Withdrawn status [LOCAL, KOHA] 0
952 ## - LOCATION AND ITEM INFORMATION (KOHA)
Withdrawn status [LOCAL, KOHA] 0
952 ## - LOCATION AND ITEM INFORMATION (KOHA)
Withdrawn status [LOCAL, KOHA] 0
952 ## - LOCATION AND ITEM INFORMATION (KOHA)
Withdrawn status [LOCAL, KOHA] 0
Holdings
Permanent Location Date acquired Koha item type Lost status Shelving location Barcode Current Location Full call number
Library Block B2019-07-15AGR B633A42346Library Block BAGR YEN 2017 B633 Or.1
Library Block B2019-07-15AGR B633A42336Library Block BAGR YEN 2017 B633 Or.2
Library Block B2019-07-15AGR B633A42486Library Block BAGR YEN 2017 B633 Or.3
Library Block B2019-07-15AGR B633A42496Library Block BAGR YEN 2017 B633 Or.4
Library Block B2019-07-15AGR B633A42511Library Block BAGR YEN 2017 B633 Or.5
Library Block B2019-07-15AGR B633A42224Library Block BAGR YEN 2017 B633 Or.6
មជ្ឈមណ្ឌលឯការនៃសាកលវិទ្យាល័យភូមិន្ទកសិកម្មចំការដូង

Powered by Koha